| 000 | 00840cam a22002413a 4500 | ||
|---|---|---|---|
| 001 | 13161 | ||
| 003 | PGUSA | ||
| 005 | 20140828083302.0 | ||
| 008 | 040812s2004||||xxu|||||s|||||000 | eng d | ||
| 040 |
_aPGUSA _beng |
||
| 042 | _adc | ||
| 050 | 4 | _aHQ | |
| 100 | 1 |
_aLong, H. W. _q(Harland William), _d1869-1943 |
|
| 245 | 1 | 0 |
_aSane Sex Life and Sane Sex Living : _bSome Things That All Sane People Ought to Know About Sex Nature and Sex Functioning; Its Place in the Economy of Life, Its Proper Training and Righteous Exercise _h[electronic resource] / _cH. W. Long |
| 260 |
_bProject Gutenberg, _c2004 |
||
| 506 | _aPublic domain in the USA. | ||
| 516 | _aElectronic text | ||
| 653 | _aSexual health | ||
| 653 | _aSexual ethics | ||
| 830 | 0 |
_aProject Gutenberg _v13161 |
|
| 856 | 4 | 0 | _uhttp://www.gutenberg.org/ebooks/13161 |
| 942 | _cEB | ||
| 999 |
_c242416 _d242416 |
||